Tục ngữ các nước trên thế giới

Uloženo v:
Podrobná bibliografie
Hlavní autor: Tục ngữ các nước trên thế giới
Médium: Kniha
Jazyk:Undetermined
Vydáno: Đồng Nai Nxb. Đồng Nai 1998
Témata:
Tagy: Přidat tag
Žádné tagy, Buďte první, kdo otaguje tento záznam!
Thư viện lưu trữ: Trung tâm Học liệu Trường Đại học Cần Thơ
LEADER 00577nam a2200169Ia 4500
001 CTU_22534
008 210402s9999 xx 000 0 und d
082 |a 398.9 
082 |b T506 
100 |a Tục ngữ các nước trên thế giới 
245 0 |a Tục ngữ các nước trên thế giới 
245 0 |c Tục ngữ các nước trên thế giới, Vương Trung Hiếu 
260 |a Đồng Nai 
260 |b Nxb. Đồng Nai 
260 |c 1998 
650 |a proverbs 
980 |a Trung tâm Học liệu Trường Đại học Cần Thơ